The Cinema Of Satyajit Ray (Record no. 156557)

MARC details
000 -LEADER
fixed length control field 00772nam a22002297a 4500
005 - DATE AND TIME OF LATEST TRANSACTION
control field 20180920140924.0
006 - FIXED-LENGTH DATA ELEMENTS--ADDITIONAL MATERIAL CHARACTERISTICS--GENERAL INFORMATION
fixed length control field a|||||f|||| 00| 0
007 - PHYSICAL DESCRIPTION FIXED FIELD--GENERAL INFORMATION
fixed length control field tc
008 - FIXED-LENGTH DATA ELEMENTS--GENERAL INFORMATION
fixed length control field 180720b xxu||||| |||| 00| 0 eng d
010 ## - LCCN (DPL NO)
LC control number BR-001752-BR-001759
020 ## - INTERNATIONAL STANDARD BOOK NUMBER
Terms of availability 104.00(per set)
035 ## - SYSTEM CONTROL NUMBER
System control number BR-001752
037 ## - SOURCE OF ACQUISITION
Source of stock number/acquisition A.I.C.B.
082 ## - DEWEY DECIMAL CLASSIFICATION NUMBER
Classification number 700
100 ## - MAIN ENTRY--PERSONAL NAME
Personal name Das Gupta,Chidananda
245 ## - TITLE STATEMENT
Title The Cinema Of Satyajit Ray
Statement of responsibility, etc by Chidananda Das Gupta
260 ## - PUBLICATION, DISTRIBUTION, ETC. (IMPRINT)
Place of publication, distribution, etc Delhi
Name of publisher, distributor, etc A.C.I.B.
Date of publication, distribution, etc N.D.
270 ## - ADDRESS
Address Sector-5, Rohini,
City New Delhi
Postal code 110085
300 ## - PHYSICAL DESCRIPTION
Extent 4V.,various pages.
Dimensions 30cm(HB).
942 ## - ADDED ENTRY ELEMENTS (KOHA)
Source of classification or shelving scheme Dewey Decimal Classification
Item type Braille-Books-English
Classification part 700
Call number suffix GUP
Holdings
Withdrawn status Lost status Materials specified (bound volume or other part) Not for loan Collection code Home library Current library Date acquired Source of acquisition Cost, normal purchase price Full call number Barcode Copy number Koha item type
    V.- 1   Non-fiction Braille-Library Braille-Library 18/03/2013 3605/18-03-2013 104.00 700 GUP BR-001752 1 Braille-Books-English
    V.- 2   Non-fiction Braille-Library Braille-Library 18/03/2013 3605/18-03-2013 104.00 700 GUP BR-001753 1 Braille-Books-English
    V.- 3   Non-fiction Braille-Library Braille-Library 18/03/2013 3605/18-03-2013 104.00 700 GUP BR-001754 1 Braille-Books-English
    V.- 4   Non-fiction Braille-Library Braille-Library 18/03/2013 3605/18-03-2013 104.00 700 GUP BR-001755 1 Braille-Books-English
    V.- 1   Non-fiction Braille-Library Braille-Library 18/03/2013 3605/18-03-2013 104.00 700 GUP BR-001756 1 Braille-Books-English
    V.- 2   Non-fiction Braille-Library Braille-Library 18/03/2013 3605/18-03-2013 104.00 700 GUP BR-001757 1 Braille-Books-English
    V.- 3   Non-fiction Braille-Library Braille-Library 18/03/2013 3605/18-03-2013 104.00 700 GUP BR-001758 1 Braille-Books-English
    V.- 4   Non-fiction Braille-Library Braille-Library 18/03/2013 3605/18-03-2013 104.00 700 GUP BR-001759 1 Braille-Books-English

© Delhi Public Library
Hit Counter
free hit counter